ՀՀ Գիտությունների ազգային ակադեմիայի հիմնարար գիտական գրադարան  =   Fundamental Scientific Library of NAS RA

Ճիճուները և նրանց դեմ պայքարի միջոցները / (Record no. 77424)

MARC details
000 -LEADER
fixed length control field 00729nam a2200193 u 4500
001 - CONTROL NUMBER
control field 000220809
003 - CONTROL NUMBER IDENTIFIER
control field AM-YeHGA
005 - DATE AND TIME OF LATEST TRANSACTION
control field 20250617124349.0
008 - FIXED-LENGTH DATA ELEMENTS--GENERAL INFORMATION
fixed length control field 030425s1940 ai r 000 0 arm d
040 ## - CATALOGING SOURCE
Original cataloging agency AM-YeHGA
090 ## - LOCALLY ASSIGNED LC-TYPE CALL NUMBER (OCLC); LOCAL CALL NUMBER (RLIN)
-- 78666
100 1# - MAIN ENTRY--PERSONAL NAME
Personal name Շիխոբալովա, Ն.Պ.
245 10 - TITLE STATEMENT
Title Ճիճուները և նրանց դեմ պայքարի միջոցները /
Statement of responsibility, etc. Ն.Պ. Շիխոբալովա; Թարգմ.՚ Ավ. Շաթիրյան.
260 ## - PUBLICATION, DISTRIBUTION, ETC.
Place of publication, distribution, etc. Յերևան :
Name of publisher, distributor, etc. Հայպետհրատ,
Date of publication, distribution, etc. 1940.
300 ## - PHYSICAL DESCRIPTION
Extent 31 էջ :
Other physical details նկ. ;
Dimensions 19 սմ.
650 14 - SUBJECT ADDED ENTRY--TOPICAL TERM
Topical term or geographic name entry element Ինֆեկցիոն հիվանդություններ
653 0# - INDEX TERM--UNCONTROLLED
Uncontrolled term Ճիճուներ - Պաքարի միջոցներ
700 1# - ADDED ENTRY--PERSONAL NAME
Personal name Շաթիրյան, Ավ.
Relator term թարգմ.
Relationship trl
Holdings
Withdrawn status Lost status Damaged status Not for loan Collection Home library Current library Date acquired Total checkouts Full call number Barcode Date last seen Cost, replacement price Price effective from Koha item type Public note
        General Fundamental Scientific Library Fundamental Scientific Library 22/12/2016   AII/16606 FL0010112 22/12/2016 60.00 22/12/2016 Գրքեր / Books 30 Days Loan
        General Fundamental Scientific Library Fundamental Scientific Library 22/12/2016   AII/1686 FL0029158 22/12/2016 60.00 22/12/2016 Գրքեր / Books 30 Days Loan


ՀՀ ԳԱԱ հիմնարար գիտական գրադարան
ՀՀ,Երևան 0019
Մարշալ Բաղրամյան 24/6
հեռախոս:(374-10) 52-47-50
Հետադարձ կապ

All site content, except where otherwise noted, is licensed under a
Creative Commons License